| 000 | 00480nam a2200157 a 4500 | ||
|---|---|---|---|
| 005 | 20140412111230.0 | ||
| 008 | 020410s19uu xx 00 eng d | ||
| 050 |
_aTR(GS 372.7 _bM77 1985 |
||
| 100 | _aMoore, Jo Ellen | ||
| 245 |
_aProblem solving B : _breproducible, level 2-3 / _cJo Ellen Moore & Joy Evans. |
||
| 260 |
_aU. S. A : _bEvan-Moor Corp, _c1985. |
||
| 300 | _a32p. ; ill. | ||
| 650 |
_aActivities _xChildren |
||
| 650 |
_aMath _xJuvenile literature |
||
| 999 |
_c102139 _d102139 |
||